000
00206 a2200097 4500
001
30629
100
_a
Milne
245
_a
Modern Speech Training
260
_a
_b
Macmillan and co
_c
090
_c
20567
_d
20567
942
_a
NUST-CAE
_c
M
_c
11744
999
_c
265702
_d
265702